Avengers Assemble: Members of the Avengers by Picture - Statistics

General Stats
  • This quiz has been taken 39 times
    33 since last reset
  • The average score is 19 of 29
Answer Stats
Picture Answer % Correct
Ant-Man
100%
Black Panther
88%
Captain America
88%
Captain Marvel
88%
Hulk
88%
Iron Man
88%
Spider-Man
88%
Thor
88%
Black Widow (Natasha Romanoff)
83%
Hawkeye
83%
Loki
83%
Vision
83%
Wasp (Hope Van Dyne)
83%
Wasp (Janet Van Dyne)
75%
Red Hulk
71%
Hawkeye (Kate Bishop)
67%
Black Bolt
63%
Ms. Marvel
58%
Hercules
54%
Thunderstrike (Jane Foster)
54%
Falcon (Sam Wilson)
50%
Iron Woman
42%
Medusa
38%
Black Widow (Layla)
33%
Impossible Man
33%
Songbird
33%
Falcon (Joaquín Torres)
25%
Thunderstrike (Eric Masterson)
25%
Arsenal
21%
No matching quizzes found
Score Distribution
Percent of People with Each Score
Percentile by Number Answered
Your Score History
You have not taken this quiz since the last reset